Prognóza vývoja vzťahov Ruska a Európskej únie v energetickej politike

Problematika vzťahov Ruskej federácie a Európskej únie v oblasti energetiky. Kríza, ktorá vnikla pri prerušení dodávok zemného plynu vyvolala rôzne reakcie krajín Európskej únie. Vytváranie zásob zemného plynu v jednotlivých krajinách Európskej únie. Budovanie vzájomného prepojenia plynovodov v jedn...

Descrizione completa

Salvato in:
Dettagli Bibliografici
Autore principale: Budai, Andrej
Natura: Capitolo di libro
Lingua:slovacco
Soggetti:
Tags: Aggiungi Tag
Nessun Tag, puoi essere il primo ad aggiungerne!!

MARC

LEADER 00000nla a2200000 4500
001 0179313
005 20240502073039.6
041 0 |a slo 
044 |a SK 
245 1 0 |a Prognóza vývoja vzťahov Ruska a Európskej únie v energetickej politike  |c Andrej Budai 
520 |a Problematika vzťahov Ruskej federácie a Európskej únie v oblasti energetiky. Kríza, ktorá vnikla pri prerušení dodávok zemného plynu vyvolala rôzne reakcie krajín Európskej únie. Vytváranie zásob zemného plynu v jednotlivých krajinách Európskej únie. Budovanie vzájomného prepojenia plynovodov v jednotlivých krajinách Európskej únie. 
610 2 0 |a Európska únia 
610 2 0 |a Rusko 
610 2 0 |a politika energetická 
610 2 0 |a plyn zemný 
610 2 0 |a bezpečnosť energetická 
610 2 0 |a vzťahy medzinárodné 
100 1 |a Budai, Andrej